Which Diary of a wimpy kid Book #2 - Statistics

General Stats
  • This quiz has been taken 3 times
  • The average score is 10 of 20
Answer Stats
Hint Answer % Correct
Trespass into a fish hatchery The Deep End
100%
Drummies Cabin Fever
50%
Ambushed by dad when trick o' treating Diary of a Wimpy Kid
50%
Löded Diper merchandise Diper Överlöde
50%
Mom starts "Reading is fun" club Dog days
50%
Ancestors watching you from heaven Double Down
50%
Story of selling pictures to family Hard Luck
50%
Greg is afraid of pirates Hot Mess
50%
Various wierd school hall passes No Brainer
50%
Rodrick gets hired as "Old timey tobias" Old School
50%
Pie contest in the church basement Partypooper
50%
Mom's "have to tell the truth" rule Rodrick Rules
50%
Rodrick gets sun poisoning The Getaway
50%
Greg gets detention for sleeping in class The Last Straw
50%
Greg's family goes to a "Country fair" The Long Haul
50%
The "Mingos" allegedly hibernate The Meltdown
50%
Rowley becomes social chairperson The Third Wheel
50%
Grandpa comes for babysitting The Ugly Truth
50%
Trouble with the Hot tub Wrecking Ball
50%
Greg visits the gym with dad Bog Shot
0%
No matching quizzes found
Score Distribution
Percent of People with Each Score
Percentile by Number Answered
Your Score History
You have not taken this quiz